Čo iné je Platónov Sókratés, než len Platón vpredu, Platón vzadu a v strede Chiméra?

Stručné uvedenie do sokratovskej otázky, pričom sa kladie dôraz predovšetkým na Platónovho Sókrata. Vznik sókratovskej otázky v antike. Vzostup Platónovej autority v riešení tejto otázky. Argumenty, prečo je Platónov portrét Sókrata z pohľadu historika filozofie neudržateľný a nedôveryhodný. Navrh...

Celý popis

Uložené v:
Podrobná bibliografia
Hlavný autor: Škvrnda, František, ml., 1987-
Médium: Kapitola
Jazyk:Slovak
Predmet:
Tagy: Pridať tag
Žiadne tagy, Buďte prvý, kto otaguje tento záznam!

MARC

LEADER 00000nla a2200000 4500
001 0241124
005 20240502083647.1
041 0 |a slo 
044 |a CZ 
245 1 0 |a Čo iné je Platónov Sókratés, než len Platón vpredu, Platón vzadu a v strede Chiméra?  |c František Škvrnda ml. 
520 |a Stručné uvedenie do sokratovskej otázky, pričom sa kladie dôraz predovšetkým na Platónovho Sókrata. Vznik sókratovskej otázky v antike. Vzostup Platónovej autority v riešení tejto otázky. Argumenty, prečo je Platónov portrét Sókrata z pohľadu historika filozofie neudržateľný a nedôveryhodný. Navrhované riešenia sókratovského problému spočívajú v zdržaní sa úsudku o historickej autentickosti Platónovho Sókrata. 
610 2 0 |a filozofia 
610 2 0 |a Sókratés 
610 2 0 |a Platón 
610 2 0 |a dejiny filozofie 
100 1 |a Škvrnda, František, ml., 1987-